[Event "Arco op-A 39th"]
[Site "Arco"]
[Date "2017.10.11"]
[Round "5"]
[White "Orsi, Graziano"]
[Black "Spagnuolo, Deborah"]
[Result "0-1"]
[WhiteElo "1575"]
[BlackElo "1655"]
[PlyCount "63"]
[EventDate "2017.10.07"]
[EventType "swiss"]
[EventRounds "9"]
[EventCountry "ITA"]
[SourceTitle "CBM 181 Extra"]
[Source "ChessBase"]
[SourceDate "2017.12.12"]
[SourceVersion "1"]
[SourceVersionDate "2017.12.12"]
[SourceQuality "1"]

1. e4 e5 2. Nf3 d6 3. Bc4 Nf6 4. Nc3 Be7 5. d4 exd4 6. Nxd4 0-0 7. h3 c5 8. Nf5 Nxe4 9. Nxe7+ Qxe7 10. Qe2 Re8 11. Nd5 Qd8 12. Be3 Qa5+ 13. c3 Be6 14. 0-0 Nc6 15. Rfd1 Bxd5 16. Bxd5 Nf6 17. Bxc6 bxc6 18. Rxd6 Qa4 19. Qd3 Rac8 20. Rd1 Qxa2 21. Rxf6 Rxe3 22. Qd8+ Re8 23. Qd7 gxf6 24. Qg4+ Kh8 25. Qf5 Qe6 26. Qxc5 Rcd8 27. Rxd8 Rxd8 28. Qxa7 Qe5 29. g3 Rd1+ 30. Kh2 Qd5 31. Qb8+ Kg7 32. Qg8+ 0-1